Online
Catalog

El laberinto de los libros : (Record no. 3695)

MARC details
000 -CABECERA
campo de control de longitud fija 01002nam a2200253 a 4500
001 - NÚMERO DE CONTROL
campo de control 000003873
005 - FECHA Y HORA DE LA ÚLTIMA TRANSACCIÓN
campo de control 20200929150614.0
008 - DATOS DE LONGITUD FIJA--INFORMACIÓN GENERAL
campo de control de longitud fija 090702s1997 es ad 001 0 spa d
020 ## - NÚMERO INTERNACIONAL ESTÁNDAR DEL LIBRO
Número Internacional Estándar del Libro 848938410X
040 ## - FUENTE DE LA CATALOGACIÓN
Centro catalogador/agencia de origen DO-SdBNP
Lengua de catalogación spa
Centro/agencia transcriptor BNPHU
082 ## - NÚMERO DE LA CLASIFICACIÓN DECIMAL DEWEY
Número de clasificación xxxx
Número de documento/Ítem P349l
049 ## - FONDOS LOCALES (OCLC)
Fondos de biblioteca BNPHD
100 1# - ENTRADA PRINCIPAL--NOMBRE DE PERSONA
Nombre de persona Peña Díaz, Manuel
9 (RLIN) 11689
245 13 - MENCIÓN DE TÍTULO
Título El laberinto de los libros :
Resto del título historia cultural de la Barcelona del Quinientos /
Mención de responsabilidad, etc. Manuel Peña Díaz ; prólogo Roger Chartier ; traducción del prólogo Carlos Ortega Bayón,.
260 ## - PUBLICACIÓN, DISTRIBUCIÓN, ETC.
Lugar de publicación, distribución, etc. Madrid :
Nombre del editor, distribuidor, etc. Fundación Germán Sánchez Ruipérez
-- Pirámide,
Fecha de publicación, distribución, etc. 1997.
300 ## - DESCRIPCIÓN FÍSICA
Extensión 547 p. :
Otras características físicas il., gráf. ;
Dimensiones 22 cm.
490 1# - MENCIÓN DE SERIE
Mención de serie Biblioteca del libro
Designación de volumen o secuencia 67
500 ## - NOTA GENERAL
Nota general Incluye índice
500 ## - NOTA GENERAL
Nota general Incluye referencias bibliográficas y notas al pie de las páginas
505 2# - NOTA DE CONTENIDO CON FORMATO
Nota de contenido con formato Bibliografía : p. 513- 517- 543-546
700 1# - PUNTO DE ACCESO ADICIONAL--NOMBRE DE PERSONA
Nombre de persona Chartier, Roger,
Término indicativo de función/relación Pról.
9 (RLIN) 11690
700 1# - PUNTO DE ACCESO ADICIONAL--NOMBRE DE PERSONA
Nombre de persona Ortega Bayón, Carlos,
Término indicativo de función/relación tr. del pról.
9 (RLIN) 11691
830 #0 - PUNTO DE ACCESO ADICIONAL DE SERIE-TÍTULO UNIFORME
Título uniforme Biblioteca taller
Número de parte o sección de la obra 67
9 (RLIN) 11692
Holdings
Estado de retiro Estado de pérdida Restricciones de uso No para préstamo Código de colección Localización permanente Ubicación/localización actual Ubicación en estantería Fecha de adquisición Número de inventario Total de préstamos Signatura topográfica completa Código de barras Fecha visto por última vez Precio válido a partir de Tipo de ítem Koha
      Excluido de préstamo Monografías: Libros y Folletos General General Depósito 14.07.2009 LF1   xxxx P349l 3873-10 25.06.2020 25.06.2020 No se presta

Powered by Koha